Les Auguste du plan de Paris - Statistiques

Statistiques générales
  • Ce quiz a été pris 10 fois
  • Le résultat moyen est 3 sur 17
Statistiques - réponses
Hint Extra Hint Explanation Réponse % Correct
Auguste Renoir 14e 1841-1919 Artiste peintre
90%
Auguste Perret 13e 1874-1954 Architecte
60%
Auguste Bartholdi 15e 1834-1904 Sculpteur
50%
Auguste Comte
6e
1798-1857 Philosophe
40%
Auguste Blanqui 13e 1805-1881 Révolutionnaire
20%
Auguste Laurent 11e 1807-1853 Chimiste
10%
Auguste Dorchain 15e 1857-1930 Ecrivain / Poète
10%
Auguste Mie 14e 1801-1885 Imprimeur
10%
Auguste Baron 19e 1794-1862 Ingénieur
10%
Auguste Lançon 13e 1836-1885 Artiste peintre
0%
Auguste Chapuis 20e 1858-1933 Compositeur
0%
Auguste Maquet 16e 1813-1888 Ecrivain / Poète
0%
Auguste Vacquerie 16e 1819-1895 Ecrivain / Poète
0%
Auguste Vitu 15e 1823-1891 Ecrivain / Poète
0%
Auguste Chabrières 15e 1854-1904 Industriel
0%
Auguste Métivier 20e 1827-1893 Médecin
0%
Auguste Cain 14e 1821-1894 Sculpteur
0%
Aucun quiz correspondant
Distribution des résultats
% des personnes avec chaque résultat
Percentile par nombre de réponses
Votre historique - résultats
Vous n’avez pas pris ce quiz